| 000 | 00933nam a2200217Ii 4500 | ||
|---|---|---|---|
| 003 | JO-AjNU | ||
| 008 | 230605s9999||||xx |||||||||||||| ||und|| | ||
| 020 | _a978-1-56564-607-0 | ||
| 040 |
_aJO-AjNU _bara _erda _cJO-AjNU |
||
| 041 | _aara | ||
| 050 | 1 | 4 | _aBP134.P6.A493 2015 |
| 100 | 3 |
_aالعلواني، مصطفى جابر فياض, _eauthor _952251 |
|
| 245 | 0 | 0 | _aالقيم السياسية العالمية في الخطاب القرآني : مدخل منهاجي لدراسة العلاقات الدولية |
| 250 | _aط1 | ||
| 264 | 3 | 1 | _aفيرجينيا: المعهد العالمي للفكر الاسلامي، 2015 |
| 300 |
_a487ص _bقائمة المراجع ص 449-472 ؛ الكشاف ص 473-487 |
||
| 336 |
_atext _btxt _2rdacontent |
||
| 337 |
_aunmediated _bn _2rdamedia |
||
| 338 |
_avolume _bnc _2rdacarrier |
||
| 650 | 4 |
_aالقرآن والعلاقات الدولية- القرآن والسياسة _952252 |
|
| 999 |
_aA23135 _c26703 _d26703 |
||